The changing geography of Africa and the Middle East
Saved in:
| Other Authors: | , |
|---|---|
| Format: | Book |
| Language: | English |
| Published: |
London :
Routledge,
c1992
|
| Subjects: | |
| Tags: |
Add Tag
No Tags, Be the first to tag this record!
|
MARC
| LEADER | 00000nam a2200000 i 4500 | ||
|---|---|---|---|
| 001 | 1/64946 | ||
| 008 | 990107s1992 eng d | ||
| 020 | |a 0-415-05710-8 | ||
| 035 | |l 10047051 | ||
| 040 | |a GR-MY-UA |b gre |e aacr | ||
| 041 | 0 | |a eng | |
| 082 | 0 | |a 960.32 | |
| 245 | 1 | 4 | |a The changing geography of Africa and the Middle East / |c Edited by Graham P. Chapman and Kathleen M. Baker |
| 260 | |a London : |b Routledge, |c c1992 | ||
| 300 | |a 252 p. |b fig.; tables | ||
| 651 | 0 | |a Africa |x Geography. | |
| 651 | 0 | |a Africa |x Politics and government |y 1960- | |
| 651 | 0 | |a Africa |x Economic conditions |y 1960- | |
| 651 | 0 | |a Middle East |x Geography. | |
| 651 | 0 | |a Middle East |x Politics and government |y 1945- | |
| 651 | 0 | |a Middle East |x Economic conditions |y 1945- | |
| 700 | 1 | |a Chapman, Graham. |4 edt | |
| 700 | 1 | |a Baker, Kathleen M. |d 1950- |4 edt | |
| 852 | |a INST |b LESVOS |e 19990107 |h 960.32 CHA |p 005100017171 |q 005100017171 |t BK |y 0 | ||
| 901 | |a BIBL-1999-1 | ||
| 909 | |a Λ |b 061461 | ||
| 922 | |a 1ΕΛΗ |b 199811 |c ΚΠΣ/ΤΚ |d ΠΑΠΑΣΩΤΗΡΙΟΥ | ||
| 950 | |a 103-1998-07-27 | ||